Perjalanan ruhani para kekasih Allah
| Other Authors: | , |
|---|---|
| Format: | Book |
| Published: |
Indonesia :
Inisiasi Press ,
2005
|
| Subjects: |
MARC
| LEADER | 00000cam a2200000 7i4500 | ||
|---|---|---|---|
| 001 | 0000031033 | ||
| 005 | 20110512.0 | ||
| 008 | 110512 | ||
| 020 | |a 97995697270 | ||
| 090 | 0 | 0 | |a 297.22 |b PER |
| 245 | 1 | 0 | |a Perjalanan ruhani para kekasih Allah |c Allamah Husayn Tabataba'i...[et.al]. |
| 246 | 1 | |a Judul asli : The light in within | |
| 260 | |a Indonesia : |b Inisiasi Press , |c 2005 | ||
| 650 | 0 | |a Islamic ethics | |
| 700 | 1 | |a Ayatullah Ruhullah khumayni | |
| 700 | 1 | |a Syahid murtadha Mutahhari | |
| 999 | |a 0001028440 |b Book |c Adult Collection |e Perbadanan Perpustakaan Awam Johor | ||